| 000 | 00375nam a2200145Ia 4500 | ||
|---|---|---|---|
| 008 | 230312s9999||||xx |||||||||||||| ||und|| | ||
| 020 | _a81-317-5591-4 | ||
| 082 |
_a621.382 _bRAM-P |
||
| 100 | _aRamana;N.V | ||
| 245 | 0 | _aPower System Operation and Control | |
| 260 |
_bPearson _aIndia _c2015 |
||
| 300 | _a161 | ||
| 650 |
_aEngineering _vElectrical Engineering |
||
| 942 | _cBK | ||
| 999 |
_c10650 _d10650 |
||